| 000 | 00743cam a2200241 4500 | ||
|---|---|---|---|
| 001 | a4694818 | ||
| 003 | CO-ViMGA | ||
| 005 | 20230915234240.0 | ||
| 008 | 100304s2010 sp | |||| 000 f spa | ||
| 020 | _a9788467032758 | ||
| 040 |
_aCO-ViMGA _bspa _cCO-ViMGA |
||
| 082 | 0 | 4 |
_aU863.6 _b P67c1 |
| 100 | 1 |
_aPosadas, Carmen _d1953- _94010 |
|
| 245 | 1 | 3 |
_aLa cinta roja / _h[Texto impreso] _cCarmen Posadas |
| 250 | _a1® ed. en Coleccion Booket | ||
| 260 |
_aMadrid : _bBooket, _c2010. |
||
| 300 |
_a566 p. : _c19 cm. |
||
| 490 | 1 |
_aNovela ; _v2286 |
|
| 504 | _aBibliografia: p. 563-564 | ||
| 600 | 1 | 7 |
_aCabarrús, Teresa, princesa de Caramon-Chimay, _d1773-1835 _v Novela _2embne _97074 |
| 650 | 1 | 4 |
_aNovela uruguaya. _97075 |
| 942 |
_2ddc _cBK |
||
| 999 |
_c37648 _d37648 |
||